00270nam a2200097Ia 4500008004100000100002300041245004700064260003000111300001000141650002100151190216s9999||||xx |||||||||||||| ||und|| aHawryszkiewycz I T 0aIntroduction To System Analysis And Design bPrentice Hall Indiac1991 a385 p aComputer Science